000
00335 a2200157 4500
001
192284
020
_a
978-85-8425-186-5
040
_c
Magnum
100
_a
Rocha, Lavínia
240
1
0
_a
Entre três mundos
_l
por
245
1
0
_a
Entre três mundos
300
_a
218
362
0
_a
2015
697
_a
LITERATURA JUVENIL
942
_c
BK
999
_c
192284
_d
192284